| 000 | 01122nam a2200337 i 4500 | ||
|---|---|---|---|
| 001 | bg | ||
| 003 | BPK | ||
| 005 | 20220316151612.0 | ||
| 008 | 981002s1998 pl f |001 0 pol d | ||
| 015 | _aPB 1998/12585 | ||
| 020 | _a8371581106 | ||
| 040 |
_aWA N _cBPK |
||
| 041 | 1 |
_apol _heng |
|
| 080 | _a004.451 | ||
| 080 | _a(07) | ||
| 100 | 1 |
_aIvens, Kathy _d(1941- ). |
|
| 245 | 0 | 0 |
_aWindows 98 : _bpodręcznik użytkownika / _cKathy Ivens ; przekł. z ang. Anna Zawadzka, Urszula Kręglewska, Krzysztof Sacha. |
| 246 | 1 |
_iTyt. oryg.: _aUsing Windows 98, _f1998. |
|
| 260 |
_aWarszawa : _b"Mikom", _c1998. |
||
| 300 |
_a519 s. ; _c24 cm. |
||
| 504 | _aIndeks. | ||
| 655 | 4 | _aPodręcznik | |
| 650 | 4 | _aSystemy operacyjne | |
| 650 | 4 | _aWindows 98 | |
| 700 | 1 |
_aSacha, Krzysztof. _eTł. |
|
| 700 | 1 |
_aKręglewska, Urszula. _eTł. |
|
| 710 | 2 |
_aWydawnictwo Mikom _4pbl. |
|
| 700 | 1 |
_aZawadzka, Anna _d(1968- ) _eTłumaczenie |
|
| 856 |
_uhttp://koha.tu.koszalin.pl/cgi-bin/koha/opac-detail.pl?biblionumber=33418 _yKatalog online BPK |
||
| 942 |
_2UKD _cKS |
||
| 999 |
_c33418 _d33418 |
||